• 首页
  • 本馆介绍
  • 公告通知
  • 最新文献
  • 馆藏检索
  • 电子资源
  • 读者导购
  • 参考咨询
  • 我的图书馆
  • 登录
  • 详细信息显示
  • 放入我的书架
  • 预约/预借图书
  • 作者相关作品
  • 分类相关作品
  • 丛书相关作品
  • 出版社相关作品

书目信息

  • 表格格式
  • 工作单格式
  • 卡片格式
题名:
观复
    
 
作者: ;腾讯今日话题编辑部 著
分册:  
出版信息: 武汉   华中科技大学出版社  2016
页数: 374页
开本: 24cm
丛书名:
单 册:
中图分类: D609.9
科图分类:
主题词: 时事评论--shi shi ping lun--中国--文集
电子资源:
ISBN: 978-7-5680-1336-9
000 00847nam0 22002291 450
001 0109172509
005 20170309172509.0
010    @a978-7-5680-1336-9@dCNY55.00
100    @a20160426d2016 em y0chiy50 ea
101 0  @achi
102    @aCN@b420000
105    @ay z 000yy
106    @ar
200 1  @a观复@9guan fu@f腾讯《今日话题》编辑部著
210    @a武汉@c华中科技大学出版社@d2016
215    @a374页@d24cm
330    @a本书为腾讯《今日话题》栏目十年精选集,围绕生育、家庭、学校、职场、经济、饮食、环境、医疗、出行、迁徙、法治、文化、养老等话题,关心人的命运,关注社会的进步,思索问题与方法,挖掘热点背后的真相。
606 0  @a时事评论@9shi shi ping lun@y中国@j文集
690    @aD609.9@v5
711 02 @a腾讯今日话题编辑部@9teng xun jin ri hua ti bian ji bu@4著
801  0 @aCN@bTANGWEI@c20170308
905    @b0954112-5@dD609.9@e126@f4
    
    观复/腾讯《今日话题》编辑部著 .-武汉:华中科技大学出版社,2016
    374页;24cm
    
    
    ISBN 978-7-5680-1336-9:CNY55.00
    本书为腾讯《今日话题》栏目十年精选集,围绕生育、家庭、学校、职场、经济、饮食、环境、医疗、出行、迁徙、法治、文化、养老等话题,关心人的命运,关注社会的进步,思索问题与方法,挖掘热点背后的真相。
●
相关链接 在E读中查询图书 在五车中查询图书 在当当中查询图书 在豆瓣中查询图书


正题名:观复     索取号:D609.9/126         预约/预借

序号 登录号 条形码 馆藏地/架位号 状态 备注
1 0954112   209541129   第一样本阅览室/ [索取号:D609.9/126] 在馆    
2 0954113   209541138   第一借阅区/ [索取号:D609.9/126] 在馆    
3 0954114   209541147   第一借阅区/ [索取号:D609.9/126] 在馆    
4 0954115   209541156   第一借阅区/ [索取号:D609.9/126] 在馆    
唐山师范学院图书馆 欢迎您!
大连网信软件有限公司© 版权所有